| 000 | 00716cas a22002175a 4500 | ||
|---|---|---|---|
| 001 | L122720 | ||
| 008 | 030624c2001 xxkmr p 0 a0eng u | ||
| 022 | 1 | _a1474-2675 | |
| 035 | _a(Sirsi) u122720 | ||
| 041 | 0 | _aeng | |
| 110 | 2 |
_aInternational Accounting Standards Board _94097 |
|
| 245 | 0 | 0 |
_aIASB Update _bBoard Decisions on International Financial Reporting Standards |
| 260 |
_aLondon _bIASCF Publications _c2001- |
||
| 362 | 0 | _aNovember 2002-March 2006 | |
| 520 | _aKept for five years | ||
| 554 | _a12 per year | ||
| 651 | 4 |
_aUnited Kingdom _y |
|
| 690 | _aMANAGEMENT-BUSINESS MANAGEMENT-PROFESSIONAL PRACTICE | ||
| 710 | 2 |
_aInternational Accounting Standards Committee Foundation _94618 |
|
| 942 | _n0 | ||
| 999 |
_c118779 _d118779 |
||